000 00453nam a2200169 i 4500
001 32192
003 ES-MaACL
005 20230906154529.0
007 t|
008 030130s1970 sp ||||1| spa d
100 1 _aBenítez de Castro, Cecilio.
_927625
245 1 1 _a"Sexy-Bar" /
_cCecilio Benítez de Castro.
250 _a[1ª ed.].
260 _aBarcelona :
_bMarte,
_c[1970]
300 _a539 p. ;
_c21 cm.
852 _aES-MaACL
_jC-39587
_bR.75518
999 _c32192
_d32192